| 000 | 00517nam a2200181Ia 4500 | ||
|---|---|---|---|
| 008 | 090122s9999 xx 000 0 und d | ||
| 082 | _b11714 | ||
| 100 |
_aकदम _bबाबा |
||
| 245 | _aकंपॅनिअन | ||
| 260 |
_bशशिदीप _c2005 |
||
| 300 | _a292 | ||
| 501 | _aभारत बुक सर्व्हिस / बि.नं.333-34-35 | ||
| 600 | _aकदम | ||
| 630 | _aकंपॅनिअन | ||
| 700 | _aकदम | ||
| 730 | _aकंपॅनिअन | ||
| 942 | _cBOOK | ||
| 999 |
_c35791 _d35791 |
||